G7 Countries - Sudden Death - Statistics

General Stats
  • This quiz has been taken 78 times
  • The average score is 5 of 7
Answers on the Grid
Answers color-coded by a green-red scale on the quiz's grid according to % correct below.
UK
USA
Canada
Germany
France
Italy
Japan
South Korea
Russia
Spain
Portugal
Mexico
China
Australia
 
Answer Stats
Answer % Correct
UK
90%
USA
87%
France
85%
Germany
77%
Japan
68%
Canada
65%
Italy
63%
No matching quizzes found
Score Distribution
Percent of People with Each Score
Percentile by Number Answered
Your Score History
You have not taken this quiz